| 000 | 00924cab a2200205 4500 | ||
|---|---|---|---|
| 001 | ABS40486 | ||
| 008 | 090401t1989 xxu||||| |||| 00| 0 eng d | ||
| 035 | _a(Sirsi) u24236 | ||
| 041 | _aeng | ||
| 100 | _aRank, P. | ||
| 245 | _aHousing Act 1988 (1) (2) (3) (4) | ||
| 260 | _c1989 | ||
| 350 | _a0 | ||
| 490 |
_aSolicitors` Journal _v133(6) 10 February 1989, 168-172(5) |
||
| 520 | _aA series of four articles examining provisions of the Housing Act 1988 . The first covers changes relating to the security of tenure afforded to private residential tenancies created on or after 15 January. The second examines the practice of the new-style assured shorthold tenancy and the third and fourth consider the provisions concerning protection from eviction and landlords` repair ing obligations in short leases . | ||
| 650 | _aASSURED TENANCIES | ||
| 690 |
_aBlock management _96220 |
||
| 942 | _n0 | ||
| 948 | _c04/03/1997 | ||
| 999 |
_c16241 _d16241 |
||